000 00535nam a2200205Ia 4500
005 20240919103442.0
008 131103s9999 xx 000 0 und d
020 _cRs.14
040 _aLoreto College
041 _aEnglish
082 _a891.44
_bBAN
100 _aBandhopadhya, Jotiprosad
245 _aBhartio shikhar itihas o sampratik samasya
_cJotiprosad Bandhopadhya
260 _aKolkata
_bShikha prokashoni
_c1967
300 _a206p.
504 _aIncludes index
650 _aBengali
850 _aLCBED
942 _cBK
999 _c30439
_d80918